STN EN 372 Ochranné prostriedky dýchacích orgánov

Bibliographic Details
Format: Book
Language:Undetermined
PhysicalDescription:12 s.
Published: Bratislava Slovenský ústav technickej normalizácie 1997

MARC

LEADER 00000nam a2200000 a 4500
001 vtls001312828
003 SK-MaSNL
005 20260223203330.0
008 180126sm y0 xo 0 und
035 |a SNK000265233 
040 |a SNK  |b slo  |c SNK  |e AACR2 
044 |a xo  |c SK 
245 1 |a STN EN 372 Ochranné prostriedky dýchacích orgánov  |h Protiplynové SX filtre a kombinované filtre proti nizkovrúcim organickým zlúčeninám - Požiadavky, skúšanie, označovanie 
260 |a Bratislava  |b Slovenský ústav technickej normalizácie  |c 1997 
300 |a 12 s. 
999 |c 693263  |d 695193 
952 |t P60, <03>, [BOOK], {603}  |a SNK  |b SNK  |y PREZ  |7 0  |p 17A0092105  |o snkSTN EN 372  |i snkN 21/97  |0 0  |1 0  |4 0  |d 1997-12-01  |l 0  |r 2005-01-02 00:00:00  |w 2026-02-23 
952 |t P60, <04>, [BOOK], {604}  |a SNK  |b SNK  |y VYP  |7 0  |p 17A0092104  |o snkSTN EN 372 D1  |i snkN 22/97  |0 0  |1 0  |4 0  |d 1997-12-01  |l 0  |r 2005-01-02 00:00:00  |w 2026-02-23